Potravinarstvo Slovak Journal of Food Sciences

Guardado en:
Detalles Bibliográficos
Formato: Seriadas
Lenguaje:inglés
Publicado: Nitrianske Hrnciarovce Association HACCP Consulting
Etiquetas: Agregar Etiqueta
Sin Etiquetas, Sea el primero en etiquetar este registro!

MARC

LEADER 00000nas1a2200000 4500
001 0260477
005 20251023090030.6
022 |a 1337-0960 
022 |a 1338-0230 
041 0 |a eng 
044 |a SK 
245 1 0 |a Potravinarstvo Slovak Journal of Food Sciences 
264 1 |a Nitrianske Hrnciarovce  |b Association HACCP Consulting